| 000 | 01971nam0a2200373 4500 | ||
|---|---|---|---|
| 001 | RU\NLR\BIBL_A\011742531 | ||
| 005 | 20180712171259.0 | ||
| 010 |
_a978-5-87184-717-6 _950 |
||
| 021 |
_aRU _bКН-П-18-039856 _9КН-П-18-2875 |
||
| 035 | _a(NLR Aleph) 011742531 | ||
| 035 | _a(RuMoRGB)009646993 | ||
| 090 |
_a11584987 _c11584987 |
||
| 100 | _a20180704d2018 u y0rusy50 ca | ||
| 101 | 0 | _arus | |
| 102 | _aRU | ||
| 105 | _a ch|z|||001zd | ||
| 200 | 1 |
_aПод сенью гармонии _eЧелябинская филармония: взгляд сквозь годы _e[фотоальбом] _fН.А. Петрова, В.С. Боже _gМинистерство культуры Челябинской области, Челябинская государственная филармония |
|
| 210 |
_aЧелябинск _cЧелябинский Дом печати _d2018 |
||
| 215 |
_a359 с. _cил., портр., факс., цв. ил., факс. _d30 |
||
| 320 | _aБиблиогр.: с. 359 (18 назв.) | ||
| 320 | _aИмен. указ.: с. 351-357 | ||
| 601 | 0 | 2 |
_aЧелябинская государственная филармония _jФотоальбомы _92372807 _3RU\NLR\AUTH\6601637712 |
| 686 |
_aЩ303(2Р=Р)-692Челябинск.я61 _2rubbk |
||
| 686 |
_aЩ303(2Р=Р)7-63л7 _2rubbk |
||
| 686 | 1 | _aЩ313(2Р=Рус)7-63л7 я61 | |
| 700 | 1 |
_aПетрова _bН. А. _cобществ. деятель, культура и искусство _gНадежда Александровна _9191133 _3RU\NLR\AUTH\770191184 |
|
| 701 | 1 |
_7ca _8rus _aБоже _bВ. С. _f1956- _gВладимир Стейгонович _9114655 _3RU\NLR\AUTH\774678 |
|
| 712 | 0 | 2 |
_4570 _aЧелябинская государственная филармония _9613443 _3RU\NLR\AUTH\880476076 |
| 942 | _cBOOK | ||
| 980 | _aNBR | ||
| 980 | _aNB | ||